"O"-Level Made Simple Module-II :personal computer software (Vol-2) (Record no. 139)

MARC details
000 -LEADER
fixed length control field 00486nam a22001697a 4500
005 - DATE AND TIME OF LATEST TRANSACTION
control field 20180206123204.0
008 - FIXED-LENGTH DATA ELEMENTS--GENERAL INFORMATION
fixed length control field 160428b xxu||||| |||| 00| 0 eng d
020 ## - INTERNATIONAL STANDARD BOOK NUMBER
ISBN ISBN 81-7656238-6
041 ## - LANGUAGE CODE
Language code of text/sound track or separate title eng
082 ## - DEWEY DECIMAL CLASSIFICATION NUMBER
Item number 00452
Classification number 005.36
100 ## - MAIN ENTRY--AUTHOR NAME
Personal name Jain, Madhulika and others
245 ## - TITLE STATEMENT
Title "O"-Level Made Simple Module-II :personal computer software (Vol-2)
260 ## - PUBLICATION, DISTRIBUTION, ETC. (IMPRINT)
Place of publication New Delhi
Name of publisher BPB Publishing,
Year of publication 2002
300 ## - PHYSICAL DESCRIPTION
Number of Pages 390+78
650 ## - SUBJECT ADDED ENTRY--TOPICAL TERM
Topical Term Information Technology
942 ## - ADDED ENTRY ELEMENTS (KOHA)
Koha item type Books
Holdings
Lost status Damaged status Collection code Home library Current library Shelving location Date acquired Cost, normal purchase price Full call number Accession Number Koha item type
    CS/IT JRU Library JRU Library SHELF-75-L 28/04/2016 150.00 00452 00452 Books
    CS/IT JRU Library JRU Library SHELF-75-M 28/04/2016 150.00 00452 00453 Books
    CS/IT JRU Library JRU Library SHELF-74-L 28/04/2016 150.00 00452 00454 Books
    CS/IT JRU Library JRU Library SHELF-75-L 28/04/2016 150.00 00452 00455 Books
      JRU Library   SHELF-75-L 28/04/2016 150.00 00452 00456 Books
    CS/IT JRU Library JRU Library SHELF-75-L 28/04/2016 150.00 00452 00457 Books
      JRU Library   SHELF-75-L 28/04/2016 150.00 00452 00458 Books
    CS/IT JRU Library JRU Library SHELF-75-L 28/04/2016 150.00 00452 00459 Books
    CS/IT JRU Library JRU Library SHELF-75-L 28/04/2016 150.00 00452 00460 Books
    CS/IT JRU Library JRU Library SHELF-75-M 28/04/2016 150.00 00452 00461 Books
    CS/IT JRU Library JRU Library SHELF-75-L 28/04/2016 150.00 00452 00462 Books
    CS/IT JRU Library JRU Library SHELF-74-L 28/04/2016 150.00 00452 00463 Books
    CS/IT JRU Library JRU Library SHELF-75-L 28/04/2016 150.00 00452 00464 Books